ARRUPE JESUIT UNIVERSITY

CORONAVIRUS -STOP THE SPREAD - CLEAN,DISINFECT,COVER

Sentimental Twain : (Record no. 118951)

MARC details
000 -LEADER
fixed length control field 01285cam a2200325 a 4500
001 - CONTROL NUMBER
control field 3013131
003 - CONTROL NUMBER IDENTIFIER
control field ARRUPE
005 - DATE AND TIME OF LATEST TRANSACTION
control field 20131203134148.0
008 - FIXED-LENGTH DATA ELEMENTS--GENERAL INFORMATION
fixed length control field 940301s1994 pau b 001 0 eng
010 ## - LIBRARY OF CONGRESS CONTROL NUMBER
LC control number 94005007
020 ## - INTERNATIONAL STANDARD BOOK NUMBER
International Standard Book Number 0812232852 (acidfree paper)
040 ## - CATALOGING SOURCE
Original cataloging agency DLC
Transcribing agency DLC
Modifying agency DLC
050 00 - LIBRARY OF CONGRESS CALL NUMBER
Classification number PS1342.P5
Item number C36 1994
082 00 - DEWEY DECIMAL CLASSIFICATION NUMBER
Classification number 818/.409
Edition number 20
300 ## - PHYSICAL DESCRIPTION
Dimensions 24 cm.
100 1# - MAIN ENTRY--PERSONAL NAME
Personal name Camfield, Gregg.
9 (RLIN) 4747
245 10 - TITLE STATEMENT
Title Sentimental Twain :
Remainder of title Samuel Clemens in the maze of moral philosophy /
Statement of responsibility, etc by Gregg Camfield.
260 ## - PUBLICATION, DISTRIBUTION, ETC. (IMPRINT)
Place of publication, distribution, etc Philadelphia :
Name of publisher, distributor, etc University of Pennsylvania Press,
Date of publication, distribution, etc c1994.
300 ## - PHYSICAL DESCRIPTION
Extent xvi, 279 p. ;
504 ## - BIBLIOGRAPHY, ETC. NOTE
Bibliography, etc Includes bibliographical references (p. [259]-270) and index.
600 10 - SUBJECT ADDED ENTRY--PERSONAL NAME
Personal name Twain, Mark,
Dates associated with a name 1835-1910
General subdivision Philosophy.
9 (RLIN) 4748
600 10 - SUBJECT ADDED ENTRY--PERSONAL NAME
Personal name Twain, Mark,
Dates associated with a name 1835-1910
General subdivision Ethics.
9 (RLIN) 4749
650 #0 - SUBJECT ADDED ENTRY--TOPICAL TERM
Topical term or geographic name as entry element Didactic fiction, American
General subdivision History and criticism.
9 (RLIN) 4750
650 #0 - SUBJECT ADDED ENTRY--TOPICAL TERM
Topical term or geographic name as entry element Sentimentalism in literature.
9 (RLIN) 4751
650 #0 - SUBJECT ADDED ENTRY--TOPICAL TERM
Topical term or geographic name as entry element Philosophy in literature.
9 (RLIN) 4752
650 #0 - SUBJECT ADDED ENTRY--TOPICAL TERM
Topical term or geographic name as entry element Emotions in literature.
9 (RLIN) 4753
650 #0 - SUBJECT ADDED ENTRY--TOPICAL TERM
Topical term or geographic name as entry element Ethics in literature.
9 (RLIN) 4754
906 ## - LOCAL DATA ELEMENT F, LDF (RLIN)
a 7
b cbc
c orignew
d 1
e ocip
f 19
g y-gencatlg
942 ## - ADDED ENTRY ELEMENTS (KOHA)
Source of classification or shelving scheme Library of Congress Classification
Koha item type Monograph ( Printed materials)
Holdings
Withdrawn status Lost status Source of classification or shelving scheme Damaged status Not for loan Home library Current library Shelving location Date acquired Total Checkouts Full call number Barcode Date last seen Price effective from Koha item type
    Library of Congress Classification     ARRUPE LIBRARY ARRUPE LIBRARY Main Collection 03/12/2013   PS1342.P5 C36 1994 464123659 03/12/2013 03/12/2013 Monograph ( Printed materials)

 

Arrupe Library. PO Box MP320 Mt Pleasant, Harare, Zimbabwe
263 242 745411|librarian@aju.ac.zw